| 000 | 01040cam a2200313 i 4500 | ||
|---|---|---|---|
| 999 |
_c25933 _d25933 |
||
| 001 | 25933 | ||
| 003 | Mx-PuUPA | ||
| 005 | 20191109124256.0 | ||
| 008 | 140415s1994 ag gr 001 0 spa d | ||
| 020 | _a9505572018 | ||
| 040 |
_aMx-PuUPA _bspa _cMx-PuUPA _dMx-PuUPA _erda |
||
| 041 | 0 | _aspa | |
| 100 | 1 |
_aPablo de, Juan Carlos, _910186 _eautor |
|
| 245 | 1 | 0 |
_aEconomía : _b¿una ciencia, muchas o ninguna? / _cJuan Carlos De Pablo |
| 250 | _aPrimera edición | ||
| 264 | 4 |
_aBuenos Aires : _bFondo de Cultura Económica de Argentina, _c©1993 |
|
| 300 |
_a311 páginas ; _c23 cm |
||
| 336 |
_atexto _2rdacontent _btxt |
||
| 337 |
_asin medio _2rdamedia _bn |
||
| 338 |
_avolumen _2rdacarrier _bnc |
||
| 650 | 4 |
_aEconomistas _xActitudes |
|
| 650 | 4 |
_aEconomistas _xBiografía |
|
| 650 | 4 |
_aEconomía _xPremios |
|
| 650 | 4 |
_aEconomía _xHistoria _ySiglo XX |
|
| 942 |
_2ddc _cLI _h330.092 _iP113 |
||